| 000 | 00864cab a2200277 4500 | ||
|---|---|---|---|
| 001 | X2441 | ||
| 008 | 090401t1995 xxu||||| |||| 00| 0 eng d | ||
| 035 | _a(Sirsi) u24266 | ||
| 041 | _aeng | ||
| 245 | _aFirstpost Homes Ltd v Johnson | ||
| 260 | _c1995 | ||
| 350 | _a0 | ||
| 490 |
_aNew Property Cases _v(1995) NPC 135 |
||
| 520 | _aCA 20 July 1995. The Law Reform (Miscellaneous Provisions) Act 1989 s2 marks a clean break with the old law: ruling on `documents` and `signatures`. Not to be photocopied. | ||
| 650 | _aCONVEYANCING | ||
| 650 | _aDEFINITION | ||
| 650 | _aLAW OF PROPERTY ACT 1925 S40 | ||
| 650 | _aLAW REFORM (MISCELLANEOUS PROVISIONS) ACT 1989 S2 | ||
| 650 | _aLETTERS | ||
| 650 | _aPLANS | ||
| 650 | _aPURCHASE | ||
| 650 | _aSALE OF LAND | ||
| 690 | _aPROPERTY LAW AND PRACTICE-CASE LAW | ||
| 942 | _n0 | ||
| 948 | _c04/03/1997 | ||
| 999 |
_c16262 _d16262 |
||